Biblioteca y Centro de Documentación

El Estado de bienestar social en la edad de la razón (Registro nro. 50628)

Detalles MARC
000 -CABECERA
Longitud fija campo de control 01889 a2200469 4500
001 - NÚMERO DE CONTROL
Número de control 50628
003 - IDENTIFICADOR DE NÚMERO DE CONTROL
Identificador del número de control ES-MaCES
005 - FECHA Y HORA DE LA ÚLTIMA TRANSACCIÓN
Fecha y hora de la última transacción 20260113103110.0
008 - CAMPO FIJO DE DESCRIPCIÓN FIJA--INFORMACIÓN GENERAL
Códigos de información de longitud fija   161121s2017 sp ||||| |||||||||||mex|d
020 ## - ISBN (INTERNATIONAL STANDARD BOOK NUMBER)
Número Internacional Normalizado para Libros (ISBN) 9786071644497
040 ## - FUENTE DE CATALOGACIÓN
Centro catalogador de origen ES-MaCES
Lengua de catalogación spa
Centro transcriptor ES-MaCES
041 1# - CÓDIGO DE IDIOMA
Código de lengua del texto;banda sonora o título independiente spa
Código de lengua original por
100 1# - ENCABEZAMIENTO PRINCIPAL--NOMBRE PERSONAL
9 (RLIN) 38999
Nombre de persona Lessa Kerstenetzky, Celia
245 13 - MENCIÓN DE TÍTULO
Título El Estado de bienestar social en la edad de la razón
Resto del título : la reinvención del Estado social en el mundo contemporáneo
Mención de responsabilidad, etc. Celia Lessa Kerstenetzky ; [trad., Mariano Sánchez Ventura ; rev. de la trad., César González Ochoa]
250 ## - MENCIÓN DE EDICIÓN
Mención de edición 1ª ed. en spa
260 ## - PUBLICACIÓN, DISTRIBUCIÓN, ETC (PIE DE IMPRENTA)
Lugar de publicación, distribución, etc. México
Nombre del editor, distribuidor, etc. Fondo de cultura económica
Fecha de publicación, distribución, etc. 2017
300 ## - DESCRIPCIÓN FÍSICA
Extensión 411 p.
Dimensiones 21 cm
490 1# - MENCIÓN DE SERIE
Mención de serie Economía
500 ## - NOTA GENERAL
Nota general Traducción de: O estado do bem-estar social na idade da razao, a revinvençao do estado social no mundo contemporâneo
500 ## - NOTA GENERAL
Nota general El tít. en portugués, contiene caracteres irreproducibles por el centro catalogador
504 ## - NOTA DE BIBLIOGRAFÍA, ETC.
Nota de bibliografía, etc. Bibliografía: p. 379-401
541 ## - NOTA DE LA FUENTE INMEDIANTE DE ADQUISICIÓN
Forma de adquisición Compra
650 #4 - ASIENTO SECUNDARIO DE MATERIA--TÉRMINO DE MATERIA
9 (RLIN) 29481
Término de materia o nombre geográfico como elemento inicial Estado-Benefactor
650 #4 - ASIENTO SECUNDARIO DE MATERIA--TÉRMINO DE MATERIA
9 (RLIN) 29849
Término de materia o nombre geográfico como elemento inicial economía del bienestar
650 #4 - ASIENTO SECUNDARIO DE MATERIA--TÉRMINO DE MATERIA
9 (RLIN) 29234
Término de materia o nombre geográfico como elemento inicial desarrollo económico y social
650 #4 - ASIENTO SECUNDARIO DE MATERIA--TÉRMINO DE MATERIA
9 (RLIN) 27029
Término de materia o nombre geográfico como elemento inicial política social
650 #4 - ASIENTO SECUNDARIO DE MATERIA--TÉRMINO DE MATERIA
9 (RLIN) 27091
Término de materia o nombre geográfico como elemento inicial país desarrollado
650 #4 - ASIENTO SECUNDARIO DE MATERIA--TÉRMINO DE MATERIA
9 (RLIN) 26882
Término de materia o nombre geográfico como elemento inicial América Latina
650 #4 - ASIENTO SECUNDARIO DE MATERIA--TÉRMINO DE MATERIA
9 (RLIN) 26857
Término de materia o nombre geográfico como elemento inicial Brasil
650 #4 - ASIENTO SECUNDARIO DE MATERIA--TÉRMINO DE MATERIA
9 (RLIN) 39002
Término de materia o nombre geográfico como elemento inicial 1870-2008
650 #4 - ASIENTO SECUNDARIO DE MATERIA--TÉRMINO DE MATERIA
9 (RLIN) 27251
Término de materia o nombre geográfico como elemento inicial historia
650 #4 - ASIENTO SECUNDARIO DE MATERIA--TÉRMINO DE MATERIA
9 (RLIN) 27076
Término de materia o nombre geográfico como elemento inicial teoría económica
650 #4 - ASIENTO SECUNDARIO DE MATERIA--TÉRMINO DE MATERIA
9 (RLIN) 27032
Término de materia o nombre geográfico como elemento inicial teoría social
653 ## - TÉRMINO DE INDEXACIÓN--NO CONTROLADO
Término no controlado Asuntos Sociales
700 1# - ENCABEZAMIENTO SECUNDARIO--NOMBRE PERSONAL
9 (RLIN) 39000
Nombre de persona Sánchez Ventura, Mariano
Término indicativo de función tr.
700 1# - ENCABEZAMIENTO SECUNDARIO--NOMBRE PERSONAL
9 (RLIN) 39001
Nombre de persona González Ochoa, César
Término indicativo de función rev. trad.
710 2# - ENCABEZAMIENTO SECUNDARIO--NOMBRE CORPORATIVO
Nombre de entidad o nombre de jurisdicción como elemento inicial Fondo de Cultura Económica
Término indicativo de función ed.
9 (RLIN) 3614
740 22 - ENCABEZAMIENTO SECUNDARIO--TÍTULO ANALÍTICO/RELACIONADO NO CONTROLADO
Título relacionado o analítico no controlado O estado do bem-estar social na idade da razao, a revinvençao do estado social no mundo contemporâneo
830 #0 - ENCABEZAMIENTO SECUNDARIO DE COLECCIÓN--TÍTULO UNIFORME
Título uniforme Sección de obras de Economía
9 (RLIN) 34059
902 ## - CES. TIPO DE DOCUMENTO
Tipodoc (006$c Sirtex) LIB Libro
942 ## - ELEMENTOS KOHA
Fuente de clasificaión o esquema Clasificación propia del CES
Koha [por defecto] tipo de item Monografías
Parte de clasificación Asuntos Sociales
Existencias
Número de registro Signatura completa Tipo de item de Koha
090221 SG-3.3.-607 Monografías
© CES, Consejo Económico y Social de España 2021